Đàm thoại tiếng anh hàng ngày = Daily english conversation
Сохранить в:
| Формат: | |
|---|---|
| Язык: | Undetermined |
| Опубликовано: |
Thành phố Hồ Chí Minh
Nhà xuất bản Thành phố Hồ Chí Minh
2004
|
| Предметы: | |
| Метки: |
Добавить метку
Нет меток, Требуется 1-ая метка записи!
|
| Thư viện lưu trữ: | Trung tâm Học liệu Trường Đại học Cần Thơ |
|---|
| LEADER | 00657nam a2200205Ia 4500 | ||
|---|---|---|---|
| 001 | CTU_88754 | ||
| 008 | 210402s9999 xx 000 0 und d | ||
| 020 | |c 6000 | ||
| 082 | |a 428.24 | ||
| 082 | |b Đ104/Q.1 | ||
| 245 | 0 | |a Đàm thoại tiếng anh hàng ngày = | |
| 245 | 0 | |b Daily english conversation | |
| 245 | 0 | |c Lê Huy Lâm, Phạm Văn Thuận dịch | |
| 260 | |a Thành phố Hồ Chí Minh | ||
| 260 | |b Nhà xuất bản Thành phố Hồ Chí Minh | ||
| 260 | |c 2004 | ||
| 650 | |a English language | ||
| 650 | |x Spoken english | ||
| 904 | |i Trọng Hải | ||
| 980 | |a Trung tâm Học liệu Trường Đại học Cần Thơ | ||